[Event "DM 2026 G7 B"]
[Site "Svendborg"]
[Date "2026.04.03"]
[Round "4.14"]
[White "Strachan, Christian C"]
[Black "Skytte, Torill"]
[Result "0-1"]
[WhiteElo "1867"]
[BlackElo "1903"]
[WhiteFideId "1417215"]
[BlackFideId "1503260"]
[EventDate "2026.03.31"]
[EventType "swiss"]
[EventRounds "7"]
[EventCountry "DEN"]
[SourceTitle "Live v. Kasper Jerwiarz"]

1. c4 c6 2. Nf3 d5 3. e3 Nf6 4. d4 Bg4 5. Nc3 e6 6. c5 Nbd7 7. Be2 Qc7 8. b4 Be7 9. O-O O-O 10. h3 Bh5 11. a4 e5 12. Bb2 e4 13. Nh2 Bxe2 14. Nxe2 Nh5 15. g4 Nhf6 16. Ng3 g6 17. Bc3 Ne8 18. Be1 Ng7 19. f4 f5 20. Ra2 Rf7 21. Rg2 Raf8 22. gxf5 gxf5 23. Kh1 Kh8 24. Rfg1 Nf6 25. h4 Qc8 26. h5 h6 27. Qe2 Rg8 28. b5 Bd8 29. bxc6 bxc6 30. a5 a6 31. Bc3 Qb7 32. Ra1 Qb5 33. Qxb5 axb5 34. a6 Ra7 35. Rga2 Nfxh5 36. Nxh5 Nxh5 37. Be1 Kh7 38. Nf1 Nf6 39. Ng3 Kg6 40. Rh2 Ng4 41. Re2 Be7 42. Nf1 Rga8 43. Rea2 h5 44. Kg2 h4 45. Kh3 Kh5 46. Ra3 Bf6 47. R1a2 Nh6 48. Nd2 Nf7 49. Nb1 Nd8 50. Ra1 Ne6 51. Bd2 Nxc5 52. Rc3 Nxa6 53. Rxc6 Be7 54. Nc3 Nb4 55. Rxa7 Rxa7 56. Re6 Rb7 57. Nxb5 Nd3 58. Nc3 Bb4 59. Rc6 Rg7 60. Nxe4 fxe4 61. Bxb4 Nxb4 62. Rc8 Rg3+ 63. Kh2 Rxe3 64. Re8 Nd3 65. f5 Rf3 66. Rh8+ Kg5 67. Rg8+ Kxf5 0-1

[Event "DM 2026 G7 B"]
[Site "Svendborg"]
[Date "2026.04.03"]
[Round "4.15"]
[White "Christensen, Astrid Bigum"]
[Black "Sejersen, Christian"]
[Result "1/2-1/2"]
[WhiteElo "1836"]
[BlackElo "1916"]
[WhiteFideId "1476564"]
[BlackFideId "1441060"]
[EventDate "2026.03.31"]
[EventType "swiss"]
[EventRounds "7"]
[EventCountry "DEN"]
[SourceTitle "Live v. Kasper Jerwiarz"]

1. d4 d5 2. c4 c6 3. Nf3 Nf6 4. g3 Bf5 5. Bg2 e6 6. O-O h6 7. b3 Nbd7 8. Nbd2 Be7 9. a4 a5 10. Bb2 O-O 11. Rc1 Ne4 12. Ne5 Nxd2 13. Qxd2 Nxe5 14. dxe5 dxc4 15. Qxd8 Rfxd8 16. e4 Bg6 17. bxc4 Bc5 18. Bc3 b6 19. g4 Rd3 20. Rfd1 Rad8 21. Rxd3 Rxd3 22. Kf1 Bd4 23. Bxd4 Rxd4 24. Ke2 c5 25. Ke3 f6 26. exf6 gxf6 27. Bf3 Be8 28. Bd1 Kg7 29. h4 e5 30. Bb3 1/2-1/2

[Event "DM 2026 G7 B"]
[Site "Svendborg"]
[Date "2026.04.03"]
[Round "4.16"]
[White "Rasmussen, Johnny Koust"]
[Black "Kokholm, Daniel"]
[Result "1/2-1/2"]
[WhiteElo "1877"]
[BlackElo "1843"]
[WhiteFideId "1422383"]
[BlackFideId "1407155"]
[EventDate "2026.03.31"]
[EventType "swiss"]
[EventRounds "7"]
[EventCountry "DEN"]
[SourceTitle "Live v. Kasper Jerwiarz"]

1. e4 d6 2. d4 Nf6 3. Nc3 e5 4. Nf3 Nbd7 5. Bc4 Be7 6. a4 h6 7. Qe2 a5 8. Be3 c6 9. h3 Qc7 10. O-O-O exd4 11. Nxd4 Ne5 12. Bb3 g6 13. f4 Ned7 14. g4 Nc5 1/2-1/2

[Event "DM 2026 G7 B"]
[Site "Svendborg"]
[Date "2026.04.03"]
[Round "4.17"]
[White "Lehd, Rasmus"]
[Black "Vo, Charlie"]
[Result "1-0"]
[WhiteElo "1903"]
[BlackElo "1838"]
[WhiteFideId "1461206"]
[BlackFideId "1477706"]
[EventDate "2026.03.31"]
[EventType "swiss"]
[EventRounds "7"]
[EventCountry "DEN"]
[SourceTitle "Live v. Kasper Jerwiarz"]

1. d4 Nf6 2. Nf3 g6 3. Bf4 Bg7 4. Nbd2 d6 5. e4 O-O 6. c3 Nc6 7. d5 e5 8. Bg5 Ne7 9. Bd3 h6 10. Bh4 a5 11. Nc4 Kh7 12. Ne3 c5 13. a4 Bd7 14. Nd2 Nh5 15. Nec4 Nf4 16. Bf1 g5 17. Bg3 Nc8 18. Bxf4 exf4 19. Bd3 f5 20. Qc2 Qf6 21. O-O Ne7 22. Rfe1 g4 23. Nb6 Rad8 24. Nxd7 Rxd7 25. exf5 Nxf5 26. Re6 Qf7 27. Nc4 Kh8 28. Bxf5 Qxf5 29. Qxf5 Rxf5 30. Rd1 Rf6 31. Rxf6 Bxf6 32. Re1 Bd8 33. Re6 Bc7 34. Rxh6+ Kg7 35. Rh4 Re7 36. Rxg4+ Kh6 37. f3 Rf7 38. Rg8 Kh7 39. Re8 Kg6 40. Nd2 c4 41. Nxc4 Rf5 42. Rc8 1-0

[Event "DM 2026 G7 B"]
[Site "Svendborg"]
[Date "2026.04.03"]
[Round "4.18"]
[White "Terkildsen, Dan"]
[Black "Christensen, Michael"]
[Result "0-1"]
[WhiteElo "1879"]
[BlackElo "1872"]
[WhiteFideId "1466550"]
[BlackFideId "1463667"]
[EventDate "2026.03.31"]
[EventType "swiss"]
[EventRounds "7"]
[EventCountry "DEN"]
[SourceTitle "Live v. Kasper Jerwiarz"]

1. c4 Nf6 2. g3 g6 3. Bg2 Bg7 4. Nf3 O-O 5. O-O d6 6. d4 c5 7. e3 Bd7 8. Nc3 Re8 9. d5 e5 10. e4 Qc8 11. Rb1 Na6 12. a3 Rb8 13. Qd3 Nc7 14. b4 b6 15. bxc5 bxc5 16. Bd2 Qa6 17. Nd1 Rxb1 18. Qxb1 Qxc4 19. Re1 Qa6 20. Qb2 Nb5 21. Bf1 Qb6 22. Nc3 Nd4 23. Qxb6 Nxf3+ 24. Kh1 axb6 25. Re2 Nd4 26. Re1 Nf3 27. Re2 Nxd2 28. Rxd2 Ra8 29. a4 Bg4 30. Rb2 Bf3+ 31. Bg2 Bxg2+ 32. Kxg2 Nd7 33. Nb5 Bf8 34. Nc3 f5 35. f3 Rb8 36. Nb5 Rb7 37. Nc3 Rb8 38. Nb5 Rc8 39. Nc3 Kf7 40. Kf2 Bh6 41. Ke2 Ke7 42. Kd3 Rf8 43. Kc4 Be3 44. Nb5 fxe4 45. fxe4 Rf2 46. Rxf2 Bxf2 47. Nc7 Be1 48. Kb5 Ba5 49. Ne6 Nf6 0-1

[Event "DM 2026 G7 B"]
[Site "Svendborg"]
[Date "2026.04.03"]
[Round "4.19"]
[White "Emborg, Linus"]
[Black "Gottschalck, Christian"]
[Result "1-0"]
[WhiteElo "1881"]
[BlackElo "1829"]
[WhiteFideId "1477285"]
[BlackFideId "1428357"]
[EventDate "2026.03.31"]
[EventType "swiss"]
[EventRounds "7"]
[EventCountry "DEN"]
[SourceTitle "Live v. Kasper Jerwiarz"]

1. e4 d5 2. exd5 Nf6 3. Bb5+ Bd7 4. Be2 Nxd5 5. d4 e6 6. Nf3 Be7 7. O-O O-O 8. c4 Nf6 9. Nc3 c5 10. dxc5 Bxc5 11. a3 a5 12. Bg5 Be7 13. Ne5 Qc7 14. Bf4 Qb6 15. Nxd7 Nbxd7 16. Bf3 Rac8 17. Qe2 Rfe8 18. Nb5 e5 19. Be3 Qe6 20. Bxb7 Qxc4 21. Qxc4 Rxc4 22. Rac1 Rxc1 23. Rxc1 Rb8 24. Rc8+ Rxc8 25. Bxc8 Nc5 26. Bd2 Nb3 27. Bc3 Bc5 28. Bxe5 Ne4 29. Kf1 Nxf2 30. Ke2 g6 31. Nd6 Kf8 32. Nb7 Bb6 33. Bc3 Ne4 34. Kd3 Nxc3 35. Kxc3 Nd4 36. Kc4 Nc2 37. Kb5 Bc7 38. Nxa5 Bxh2 39. Nc4 Nd4+ 40. Kc5 Nb3+ 41. Kd5 Bc7 42. Kc6 Bd8 43. a4 Ke7 44. Kb5 Nd4+ 45. Kc5 Nb3+ 46. Kb4 Nd4 47. a5 Nc6+ 48. Ka4 Na7 49. Bb7 f5 50. b4 Kd7 51. b5 Bxa5 52. Kxa5 Nxb5 53. Kxb5 Ke6 54. Kc5 Kf6 55. Kd4 Kg5 56. Ke3 h5 57. Ne5 h4 58. Kf2 Kf6 59. Nf3 g5 60. Nh2 g4 61. Ke3 Kg5 62. Nf1 f4+ 63. Kf2 h3 64. gxh3 gxh3 65. Nh2 Kf6 66. Kf3 Kg5 67. Bc8 Kf6 68. Kxf4 Ke7 69. Ke5 Kd8 70. Bxh3 Ke7 71. Be6 Kf8 72. Kf6 Ke8 73. Nf3 Kd8 74. Ne1 Ke8 75. Nd3 Kd8 76. Kf7 Kc7 77. Bb3 Kd6 78. Ke8 Kc6 79. Ke7 Kb5 80. Kd7 Ka5 81. Kc6 Ka6 82. Nb4+ Ka5 83. Nd5 Ka6 84. Nc3 Ka5 85. Kc5 Ka6 86. Bd5 Ka5 87. Nb5 Ka4 88. Be6 Ka5 89. Bb3 Ka6 90. Nd6 Ka5 91. Nb7+ Ka6 92. Kc6 Ka7 93. Kc7 Ka6 94. Bc4+ Ka7 95. Bb5 Ka8 96. Nd6 Ka7 97. Nc8+ 1-0

[Event "DM 2026 G7 B"]
[Site "Svendborg"]
[Date "2026.04.03"]
[Round "4.20"]
[White "Bjerg, Sigurd"]
[Black "Hansen, Aksel"]
[Result "0-1"]
[WhiteElo "1758"]
[BlackElo "1832"]
[WhiteFideId "1480170"]
[BlackFideId "1412213"]
[EventDate "2026.03.31"]
[EventType "swiss"]
[EventRounds "7"]
[EventCountry "DEN"]
[SourceTitle "Live v. Kasper Jerwiarz"]

1. e4 c5 2. Nf3 Nc6 3. d4 cxd4 4. Nxd4 e5 5. Nb5 a6 6. Nd6+ Bxd6 7. Qxd6 Qe7 8. Qxe7+ Ngxe7 9. c3 d5 10. exd5 Nxd5 11. Bd3 Be6 12. O-O O-O-O 13. Bc4 Nf4 14. Bxe6+ Nxe6 15. Be3 Rd3 16. Na3 Rhd8 17. Nc4 b5 18. Na3 f6 19. Nc2 Nc7 20. Bb6 Rd2 21. Rac1 Kb7 22. Bxc7 Kxc7 23. a3 Na5 24. Nb4 Kb6 25. Rb1 Nb3 26. Rfe1 a5 27. Na2 Rc2 28. g3 Rdd2 29. Nc1 Nxc1 30. Rexc1 Rxc1+ 31. Rxc1 Rxb2 32. c4 b4 33. axb4 Rxb4 34. Rd1 Rxc4 35. Rd7 Rc7 36. Rd6+ Kc5 37. Rd1 a4 38. Rc1+ Kb6 39. Rb1+ Ka5 40. Kg2 a3 41. Kh3 a2 42. Ra1 Rc2 43. f3 Kb4 44. g4 Kb3 45. Kg3 Kb2 0-1

[Event "DM 2026 G7 B"]
[Site "Svendborg"]
[Date "2026.04.04"]
[Round "5.11"]
[White "Vehl, Tina"]
[Black "Bruntse, Kathrine Lindegaard"]
[Result "1/2-1/2"]
[WhiteElo "1919"]
[BlackElo "1928"]
[WhiteFideId "1418262"]
[BlackFideId "1472283"]
[EventDate "2026.03.31"]
[EventType "swiss"]
[EventRounds "7"]
[EventCountry "DEN"]
[SourceTitle "Live v. Kasper Jerwiarz"]

1. e4 c5 2. Nc3 e6 3. Nge2 Nc6 4. g3 Nf6 5. d4 cxd4 6. Nxd4 d5 7. exd5 exd5 8. Bg2 Bg4 9. Nde2 Bb4 10. h3 Bxc3+ 11. bxc3 Bf5 12. O-O O-O 13. Nd4 Nxd4 14. cxd4 Rc8 15. Bg5 Bxc2 16. Qd2 Be4 17. f3 Bg6 18. Rfc1 Qb6 19. g4 h6 20. Be3 Rfe8 21. Bf1 Qe6 22. Bf2 a6 23. a4 Red8 24. a5 Rd6 25. Re1 Qd7 26. Rec1 Rdc6 27. Rc5 Qd6 28. Rac1 Nd7 29. Rxc6 Rxc6 30. Qe1 f6 31. Kg2 Nf8 32. Bg3 Qd7 33. Rxc6 Qxc6 34. Qe7 Qd7 35. Bd6 Qxe7 36. Bxe7 Ne6 37. Bc5 Nxc5 38. dxc5 Be8 39. Kf2 g5 40. Ke3 Kf7 41. Kd4 Ke6 42. Bd3 Bc6 43. Bf5+ Ke7 1/2-1/2

[Event "DM 2026 G7 B"]
[Site "Svendborg"]
[Date "2026.04.04"]
[Round "5.12"]
[White "Ringsmose, Christian"]
[Black "Hansen, Erik Olsgaard"]
[Result "1-0"]
[WhiteElo "1886"]
[BlackElo "1938"]
[WhiteFideId "1451669"]
[BlackFideId "1416170"]
[EventDate "2026.03.31"]
[EventType "swiss"]
[EventRounds "7"]
[EventCountry "DEN"]
[SourceTitle "Live v. Kasper Jerwiarz"]

1. e4 d6 2. d4 Nf6 3. Nc3 e5 4. Nf3 exd4 5. Nxd4 Be7 6. Bf4 Nbd7 7. Qd2 a6 8. O-O-O O-O 9. f3 Ne5 10. Qf2 Qe8 11. g4 b5 12. h4 b4 13. Nb1 Qa4 14. h5 Be6 15. g5 Nfd7 16. Rg1 c5 17. Nf5 Bxf5 18. exf5 b3 19. Bxe5 Nxe5 20. axb3 Qf4+ 21. Qd2 Qxf5 22. Be2 Qc8 23. Nc3 Nc6 24. Nd5 Ra7 25. c3 Na5 26. Bc4 Qf5 27. Rde1 Re8 28. Rg2 Nc6 29. f4 Qd7 30. Rge2 Raa8 31. Nb6 1-0

[Event "DM 2026 G7 B"]
[Site "Svendborg"]
[Date "2026.04.04"]
[Round "5.13"]
[White "Haakonsen, Magnus"]
[Black "Knudsen, Joachim Holm"]
[Result "1/2-1/2"]
[WhiteElo "1913"]
[BlackElo "1896"]
[WhiteFideId "1485261"]
[BlackFideId "1425722"]
[EventDate "2026.03.31"]
[EventType "swiss"]
[EventRounds "7"]
[EventCountry "DEN"]
[SourceTitle "Live v. Kasper Jerwiarz"]

1. e4 c6 2. d4 d5 3. Nc3 dxe4 4. Nxe4 Nf6 5. Nxf6+ exf6 6. c3 Bd6 7. Bd3 O-O 8. Qc2 Re8+ 9. Ne2 h5 10. O-O h4 11. h3 Nd7 12. Be3 Nf8 13. Rfe1 Bd7 14. Rad1 Rc8 15. a3 Bb8 16. Kf1 Bxh3 17. gxh3 Qd5 18. Ng1 Bh2 19. f4 Bxg1 20. Kxg1 Qf3 21. Bf2 g6 22. Bf1 Ne6 23. Qe4 Ng5 24. Qxf3 Nxf3+ 25. Kg2 Nxe1+ 26. Rxe1 Rxe1 27. Bxe1 g5 28. Bd2 Kh8 29. Kf3 Rg8 30. f5 Re8 31. a4 Kg7 32. c4 Re7 33. b4 Kf8 34. Bd3 Kg7 35. Be4 Rd7 36. Be3 Kf8 37. d5 cxd5 38. Bxd5 a6 39. a5 Ke7 40. Ke4 Kd6 41. Kd4 Re7 42. Be4 Kc7 43. Bg1 Rd7+ 44. Bd5 Re7 45. Bh2+ Kc8 46. Kc5 Re2 47. Bd6 g4 48. hxg4 h3 49. Bxf7 h2 50. Bd5 Rd2 51. Be4 Re2 52. Bd5 Rd2 53. Bxh2 1/2-1/2

[Event "DM 2026 G7 B"]
[Site "Svendborg"]
[Date "2026.04.04"]
[Round "5.14"]
[White "Skytte, Torill"]
[Black "Lehd, Rasmus"]
[Result "1-0"]
[WhiteElo "1903"]
[BlackElo "1903"]
[WhiteFideId "1503260"]
[BlackFideId "1461206"]
[EventDate "2026.03.31"]
[EventType "swiss"]
[EventRounds "7"]
[EventCountry "DEN"]
[SourceTitle "Live v. Kasper Jerwiarz"]

1. d4 Nf6 2. Nf3 d5 3. e3 Bg4 4. Nbd2 e6 5. h3 Bh5 6. g4 Bg6 7. Ne5 Nbd7 8. h4 h6 9. Nxg6 fxg6 10. Bd3 Kf7 11. c3 e5 12. e4 c6 13. Qf3 Be7 14. Rg1 g5 15. h5 Rf8 16. Qf5 dxe4 17. Bc4+ 1-0

[Event "DM 2026 G7 B"]
[Site "Svendborg"]
[Date "2026.04.04"]
[Round "5.15"]
[White "Christensen, Astrid Bigum"]
[Black "Strachan, Christian C"]
[Result "1-0"]
[WhiteElo "1836"]
[BlackElo "1867"]
[WhiteFideId "1476564"]
[BlackFideId "1417215"]
[EventDate "2026.03.31"]
[EventType "swiss"]
[EventRounds "7"]
[EventCountry "DEN"]
[SourceTitle "Live v. Kasper Jerwiarz"]

1. d4 d5 2. c4 c6 3. Nf3 Nf6 4. Nc3 a6 5. g3 dxc4 6. a4 Bf5 7. Bg2 e6 8. O-O Nbd7 9. a5 h6 10. Qa4 Be7 11. Qxc4 O-O 12. Bf4 Nd5 13. Bd2 Bd6 14. Nh4 Bh7 15. e4 Nc7 16. f4 Be7 17. Nf3 Nb5 18. Qe2 Nf6 19. Nxb5 axb5 20. e5 Nd5 21. Rfd1 Nb4 22. Bc3 Rxa5 23. Rxa5 Qxa5 24. Nd2 Qb6 25. Ne4 Nd5 26. Nd6 Nxc3 27. bxc3 Qc7 28. Ne4 Rd8 29. Qg4 Kh8 30. Qh5 Bg6 31. Qh3 c5 32. g4 Kg8 33. f5 exf5 34. gxf5 Bh7 35. Qg4 Kh8 36. f6 gxf6 37. exf6 Rg8 38. fxe7 Qxe7 39. Qf4 Qxe4 40. Qf6+ Rg7 41. Qxg7+ Kxg7 42. Bxe4 Bxe4 43. Kf2 cxd4 44. cxd4 Bd5 45. Rb1 Bc6 46. Ke3 Kf6 47. Rf1+ Ke6 48. Rf4 b4 49. Kd3 Bd5 50. Rh4 b3 51. Rxh6+ f6 52. h4 b5 53. Kc3 Bc4 54. Rg6 Kf5 55. Rg7 Ke4 56. h5 b2 57. Kxb2 Kxd4 58. Rg4+ Ke5 59. Rxc4 bxc4 60. h6 1-0

[Event "DM 2026 G7 B"]
[Site "Svendborg"]
[Date "2026.04.04"]
[Round "5.16"]
[White "Sejersen, Christian"]
[Black "Rasmussen, Johnny Koust"]
[Result "1/2-1/2"]
[WhiteElo "1916"]
[BlackElo "1877"]
[WhiteFideId "1441060"]
[BlackFideId "1422383"]
[EventDate "2026.03.31"]
[EventType "swiss"]
[EventRounds "7"]
[EventCountry "DEN"]
[SourceTitle "Live v. Kasper Jerwiarz"]

1. Nf3 Nf6 2. g3 d5 3. Bg2 c5 4. O-O Nc6 5. d4 e6 6. c4 b6 7. Nc3 Be7 8. Ne5 Bb7 9. cxd5 exd5 10. Qa4 Rc8 11. Bh3 O-O 12. Bxc8 Qxc8 13. Nxc6 Bxc6 14. Qxa7 Qh3 15. f3 Bd6 16. Qxb6 Bxg3 17. hxg3 Qxg3+ 18. Kh1 Qh3+ 19. Kg1 Qg3+ 20. Kh1 1/2-1/2

[Event "DM 2026 G7 B"]
[Site "Svendborg"]
[Date "2026.04.04"]
[Round "5.17"]
[White "Christensen, Michael"]
[Black "Emborg, Linus"]
[Result "1-0"]
[WhiteElo "1872"]
[BlackElo "1881"]
[WhiteFideId "1463667"]
[BlackFideId "1477285"]
[EventDate "2026.03.31"]
[EventType "swiss"]
[EventRounds "7"]
[EventCountry "DEN"]
[SourceTitle "Live v. Kasper Jerwiarz"]

1. e4 e6 2. d4 d5 3. Nc3 Nf6 4. e5 Nfd7 5. Nce2 c5 6. c3 Nc6 7. a3 a5 8. Nf3 cxd4 9. cxd4 a4 10. h4 Nb6 11. Nf4 Na5 12. Rb1 Nb3 13. Bd3 Nc4 14. O-O b5 15. Ng5 g6 16. Re1 b4 17. Bxc4 dxc4 18. Qf3 Ra7 19. d5 Nd4 20. Qe4 Bc5 21. Be3 exd5 22. Nxd5 Bb7 23. Nf6+ Ke7 24. Qg4 h5 25. Qf4 Bc6 26. Rbd1 Ne2+ 27. Kh2 Nxf4 28. Bxc5+ Qd6 29. Rxd6 Nd3 30. Rd7# 1-0

[Event "DM 2026 G7 B"]
[Site "Svendborg"]
[Date "2026.04.04"]
[Round "5.18"]
[White "Kokholm, Daniel"]
[Black "Hansen, Aksel"]
[Result "0-1"]
[WhiteElo "1843"]
[BlackElo "1832"]
[WhiteFideId "1407155"]
[BlackFideId "1412213"]
[EventDate "2026.03.31"]
[EventType "swiss"]
[EventRounds "7"]
[EventCountry "DEN"]
[SourceTitle "Live v. Kasper Jerwiarz"]

1. d4 g6 2. Nc3 d5 3. Bf4 Bg7 4. e3 c6 5. Nf3 Nf6 6. Be2 Bg4 7. Ne5 Bxe2 8. Qxe2 Nbd7 9. O-O-O Nh5 10. g4 Nxf4 11. exf4 Nxe5 12. fxe5 e6 13. h4 h5 14. f4 Qc7 15. f5 exf5 16. gxf5 gxf5 17. Qf3 O-O-O 18. Qxf5+ Qd7 19. Rdf1 Rdf8 20. Ne2 Qxf5 21. Rxf5 f6 22. Rhf1 fxe5 23. Rxf8+ Rxf8 24. Rxf8+ Bxf8 25. dxe5 Bg7 26. Ng1 Kd7 27. Kd2 Ke6 28. Ke3 Bxe5 29. b3 Kf5 30. a4 Kg4 31. Nf3 Bf6 32. c4 dxc4 33. bxc4 Bxh4 34. Ne5+ Kf5 35. Nd7 Be7 36. a5 Ke6 37. Nb8 Kd6 0-1

[Event "DM 2026 G7 B"]
[Site "Svendborg"]
[Date "2026.04.04"]
[Round "5.19"]
[White "Gottschalck, Christian"]
[Black "Terkildsen, Dan"]
[Result "0-1"]
[WhiteElo "1829"]
[BlackElo "1879"]
[WhiteFideId "1428357"]
[BlackFideId "1466550"]
[EventDate "2026.03.31"]
[EventType "swiss"]
[EventRounds "7"]
[EventCountry "DEN"]
[SourceTitle "Live v. Kasper Jerwiarz"]

1. e4 e6 2. Nf3 d5 3. Nc3 dxe4 4. Nxe4 Bd7 5. d4 Bc6 6. Bd3 Bxe4 7. Bxe4 c6 8. O-O Nf6 9. Bd3 Bd6 10. c3 Nbd7 11. Re1 O-O 12. Bg5 Qc7 13. h3 h6 14. Bxf6 Nxf6 15. Ne5 Rac8 16. Rc1 c5 17. Bb1 Rfd8 18. Ng4 Nxg4 19. Qxg4 cxd4 20. Qe4 g6 21. c4 b6 22. Red1 e5 23. Qg4 Qd7 24. Qg3 Kg7 25. Be4 f5 26. Bd5 Re8 27. Qd3 Bc5 28. f3 Qe7 29. Re1 Qh4 30. Rcd1 a5 31. a4 Qg3 32. Kh1 Bd6 33. Re2 Kh7 34. Rc2 0-1

[Event "DM 2026 G7 B"]
[Site "Svendborg"]
[Date "2026.04.04"]
[Round "5.20"]
[White "Vo, Charlie"]
[Black "Bjerg, Sigurd"]
[Result "0-1"]
[WhiteElo "1838"]
[BlackElo "1758"]
[WhiteFideId "1477706"]
[BlackFideId "1480170"]
[EventDate "2026.03.31"]
[EventType "swiss"]
[EventRounds "7"]
[EventCountry "DEN"]
[SourceTitle "Live v. Kasper Jerwiarz"]

1. e4 e5 2. Bc4 Nc6 3. Nc3 Nf6 4. d3 Bb4 5. Nf3 d6 6. h3 h6 7. O-O a6 8. Ne2 b5 9. Bb3 Na5 10. Be3 Nxb3 11. axb3 c6 12. Ng3 O-O 13. c3 Ba5 14. Qc2 Bb6 15. Rad1 Bxe3 16. fxe3 Qc7 17. Nh4 d5 18. Nhf5 dxe4 19. dxe4 Bxf5 20. Nxf5 Kh7 21. Qf2 Ng8 22. Nd6 f6 23. Rd2 Ne7 24. Nf5 Rad8 25. Rfd1 Rxd2 26. Qxd2 Nxf5 27. exf5 Qa7 28. Kf2 Qf7 29. Qd6 Rg8 30. Qe6 Qh5 31. Rd7 Kh8 32. Rc7 Qh4+ 33. Kf1 Qe4 34. Rc8 Rxc8 35. Qxc8+ Kh7 36. Qxa6 Qxf5+ 37. Kg1 Qe4 38. Qb6 f5 39. Qc5 f4 40. exf4 exf4 41. Qd4 Qxd4+ 42. cxd4 Kg6 43. Kf2 Kf5 44. Kf3 b4 45. Kf2 Ke4 46. Ke2 Kxd4 47. Kd2 c5 48. Ke2 c4 49. bxc4 Kxc4 50. Kd2 Kb3 51. Kc1 Ka2 52. Kc2 g5 53. b3 Ka3 0-1

[Event "DM 2026 G7 B"]
[Site "Svendborg"]
[Date "2026.04.05"]
[Round "6.11"]
[White "Vehl, Tina"]
[Black "Ringsmose, Christian"]
[Result "0-1"]
[WhiteElo "1919"]
[BlackElo "1886"]
[WhiteFideId "1418262"]
[BlackFideId "1451669"]
[EventDate "2026.03.31"]
[EventType "swiss"]
[EventRounds "7"]
[EventCountry "DEN"]
[SourceTitle "Live v. Kasper Jerwiarz"]

1. e4 c5 2. Nc3 Nc6 3. Bb5 Nd4 4. Nf3 a6 5. Bd3 g6 6. Nxd4 cxd4 7. Ne2 d5 8. O-O dxe4 9. Bxe4 Nf6 10. Bd3 Bg7 11. c3 dxc3 12. dxc3 O-O 13. Bf4 b5 14. a4 Bb7 15. Bc2 Qb6 16. a5 Qc6 17. f3 Rfd8 18. Qe1 Rac8 19. Rc1 Nd5 20. Rd1 e5 21. Bg5 Re8 22. Kh1 Qc7 23. Be4 Nf6 24. Bxb7 Qxb7 25. Ng3 Qc7 26. Bxf6 Bxf6 27. Ne4 Be7 28. Qf2 f5 29. Nd2 Bc5 30. Qh4 Re6 31. Nb3 Ba7 32. Qb4 Bb8 33. Qh4 Rce8 34. Rfe1 Kh8 35. Rd2 Ba7 36. Red1 R6e7 37. Qf6+ Kg8 38. Qxa6 Qc4 39. Nc1 Be3 40. Rd6 Ra7 41. Qc6 Qxc6 42. Rxc6 Rxa5 43. Ne2 Ra2 44. Ng3 Rxb2 45. Nf1 Bg5 46. g3 Rc2 47. Rc5 Rb8 48. Re1 Bf6 49. Ne3 Rd2 50. Rb1 Rbd8 51. Rcxb5 R2d3 52. Nc4 e4 53. fxe4 fxe4 54. Re1 Re8 55. Nb2 Rxc3 56. Na4 Rc2 57. Rc5 Ra2 58. Nc3 Rc2 59. Rxe4 Ra8 60. Ra4 Rb8 61. Rb5 Rd8 62. Rd5 Rxc3 63. Rxd8+ Bxd8 64. Ra8 Rd3 65. Kg2 Rd7 66. Kf3 Kf7 67. Ke4 Bf6 68. Ra6 Rd4+ 69. Ke3 Rb4 70. Ra7+ Be7 71. Ra6 Rb2 72. h3 Rh2 73. h4 Bc5+ 74. Kf3 Rf2+ 75. Ke4 Rf6 76. Ra5 Bd6 77. Ra7+ Kg8 78. Ra6 Kg7 79. g4 Rf4+ 80. Kd5 Be7 81. Ke6 Rf6+ 0-1

[Event "DM 2026 G7 B"]
[Site "Svendborg"]
[Date "2026.04.05"]
[Round "6.12"]
[White "Bruntse, Kathrine Lindegaard"]
[Black "Knudsen, Joachim Holm"]
[Result "1/2-1/2"]
[WhiteElo "1928"]
[BlackElo "1896"]
[WhiteFideId "1472283"]
[BlackFideId "1425722"]
[EventDate "2026.03.31"]
[EventType "swiss"]
[EventRounds "7"]
[EventCountry "DEN"]
[SourceTitle "Live v. Kasper Jerwiarz"]

1. d4 d5 2. c4 e6 3. Nf3 Nf6 4. Nc3 a6 5. cxd5 exd5 6. Bg5 Be6 7. e3 Nbd7 8. Be2 Bd6 9. O-O c6 10. a3 Qc7 11. Qc2 O-O 12. b4 Bg4 13. h3 Bh5 14. Bxf6 Nxf6 15. Nd2 Bxe2 16. Nxe2 a5 17. Rab1 axb4 18. axb4 Qe7 19. b5 c5 20. dxc5 Bxc5 21. Nb3 Bb6 22. Ned4 Rfc8 23. Qb2 Qd7 24. Rfc1 Ne4 25. Ra1 Rxa1 26. Qxa1 Nd6 27. Rxc8+ Qxc8 28. Qd1 Qc4 29. Qf1 Qxf1+ 30. Kxf1 Kf8 31. Ke2 Ke7 32. f3 g6 33. Kd3 f5 34. g3 Nc4 35. f4 Nd6 36. Ke2 Ne4 37. Kf3 Kd6 38. g4 fxg4+ 39. hxg4 Nc3 40. f5 gxf5 41. Nxf5+ Ke5 42. Nbd4 Ne4 43. Ke2 Kf6 44. Kf3 Bc5 45. Kf4 Ba7 46. Kf3 Bb6 47. Ke2 Kg5 48. Kf3 Nd2+ 49. Kg3 Bc7+ 50. Kh3 Be5 51. Ne7 Bxd4 52. exd4 Nb3 53. Nxd5 Nxd4 54. b6 Nb3 55. Nc3 Nc5 56. Nb5 Nd7 57. Nd6 Nxb6 58. Nxb7 Nd7 59. Nd6 Ne5 60. Ne4+ Kg6 1/2-1/2

[Event "DM 2026 G7 B"]
[Site "Svendborg"]
[Date "2026.04.05"]
[Round "6.13"]
[White "Skytte, Torill"]
[Black "Christensen, Michael"]
[Result "1-0"]
[WhiteElo "1903"]
[BlackElo "1872"]
[WhiteFideId "1503260"]
[BlackFideId "1463667"]
[EventDate "2026.03.31"]
[EventType "swiss"]
[EventRounds "7"]
[EventCountry "DEN"]
[SourceTitle "Live v. Kasper Jerwiarz"]

1. d4 Nf6 2. Nf3 g6 3. Nc3 Bg7 4. e4 d6 5. Bf4 O-O 6. Qd2 c6 7. Bh6 b5 8. Bd3 Nbd7 9. h4 e5 10. dxe5 dxe5 11. O-O-O Bxh6 12. Qxh6 Ng4 13. Qd2 Nc5 14. Qe1 Qb6 15. Rd2 b4 16. Nd1 Be6 17. h5 Qa5 18. hxg6 hxg6 19. Rh4 Qxa2 20. Re2 Nxd3+ 21. cxd3 Qa1+ 22. Kd2 b3 23. Qh1 Qb1 24. Ng5 Bc4 25. Ke1 Qxd3 26. Rd2 Nxf2 27. Rh8+ Kg7 28. Qh6+ Kf6 29. Rxd3 Nxd3+ 30. Kd2 Rxh8 31. Nh7+ Ke7 32. Qg5+ Ke6 33. Qf6+ Kd7 34. Ng5 Kc7 35. Kc3 Bb5 36. Qxf7+ Kb6 37. Ne6 Rac8 38. Ne3 Rh1 39. Qd7 Rc1+ 40. Kxb3 Ba6 41. Ka3 Ra1+ 42. Kb3 Rc1 43. Qg7 Ka5 44. Qxa7 c5 45. Nd5 Rc6 46. Nd8 c4+ 47. Ka2 Rc5 48. Nb7+ Kb5 49. Qb6+ 1-0